Dictionnaire de critique littéraire

में बचाया:
ग्रंथसूची विवरण
मुख्य लेखक: Gardes-Tamine, Joëlle
स्वरूप: पुस्तक
भाषा:Undetermined
प्रकाशित: París, Francia Armand Colin 1996
विषय:
टैग: टैग जोड़ें
कोई टैग नहीं, इस रिकॉर्ड को टैग करने वाले पहले व्यक्ति बनें!

MARC

LEADER 00000nam a2200000Ia 4500
008 170316s9999 xx 000 0 und d
020 |a 2-200-21701-3 
040 |a cru BVZT 
090 |a R-413 G-1.1d LIT 
100 |a Gardes-Tamine, Joëlle 
245 |a Dictionnaire de critique littéraire  |c  Joëlle Gardes-Tamine y Marie-Claude Hubert 
260 |a París, Francia 
260 |b Armand Colin 
260 |c 1996 
300 |a 238 páginas 
630 |l Francés 
650 0 |a REFERENCIA  |9 27 
650 0 |a LITERATURA  |9 63 
650 0 |a CRÍTICA LITERARIA  |9 189 
942 |2 z  |c REF 
999 |c 29971  |d 29971